00385 2200169 4500245003200000020001800032250001100050100001900061700002000080650001600100005001900116260002600135041001400161084000800175300002300183336000900206 aDanurcRisa SaraswatihText a602-220-019-9 aCet. 1 aRisa Saraswati aSyafial Rustama aNovel Horor a20230929095630 aJakartabBukunec2011 aIndonesia a813 a216 hlm. :c19 cm. atext